000 00587nam a2200193Ia 4500
999 _c20258
_d20258
082 _aTJ.0211
100 _aJoginder Singh
245 0 _aSocio-economic analysis of the problem of non-recovery of bank loans to farmers
260 _c1999
_bMaharshi Dayanand University
300 _a198p. + C D - 42
650 _aLOANS - INDIA
650 _aBANK LOANS - INDIA
650 _aBANK LOANS - HARYANA
650 _aLOANS - HARYANA
650 _aFARMERS SOCIO-ECONOMIC STATUS - HARYANA
650 _aFARMERS SOCIO-ECONOMIC STATUS - INDIA
710 _aRana, A.S.
942 _cTH
_2ddc